000
00280nam a2200121Ia 4500
008
220204s9999 xx 000 0 und d
082
_a
301
_b
PHA
245
0
_a
Women of the world
260
_a
New Delhi
_b
Vikas
_c
1978
700
_a
Malani, I
700
_a
Phadnis, V
942
_c
BK
999
_c
39041
_d
39041